000 00360 a2200169 4500
001 72758
020 _a8526256289
040 _cAnchieta - Colégio São Paulo
100 _aFernandez, Vicente Paz
240 1 0 _aMatemática
_lpor
245 1 0 _aMatemática
300 _a464
362 0 _a2005
440 1 _aScipione
650 4 _aMatemática
942 _cBK
999 _c72758
_d72758